000 00362nam a2200133Ia 4500
008 240624s9999 xx 000 0 und d
041 _aeng
082 _a658 ALV
100 _aALVESSON MATS
245 _aOXFORD HANDBOOK OF CRITICAL MANAGEMENT S
260 _c2009
_aNew Delhi
_bOxford University press
300 _axxi, : 582 : p. : cm. ; 25
365 _cRS
_b30
999 _c14311
_d14311